Real project planning: developing a project delivery strategy (Record no. 436881)

MARC details
000 -LEADER
fixed length control field 00562nam a2200193Ia 4500
008 - FIXED-LENGTH DATA ELEMENTS--GENERAL INFORMATION
fixed length control field 210417s9999 xx 000 0 und d
020 ## - INTERNATIONAL STANDARD BOOK NUMBER
International Standard Book Number 9780750684729
-- 750684720
082 ## - DEWEY DECIMAL CLASSIFICATION NUMBER
Classification number 658.404 MEL
Item number 2.658.404MEL
245 #0 - TITLE STATEMENT
Title Real project planning: developing a project delivery strategy
Statement of responsibility, etc. Real project planning developing a project delivery strategy
250 ## - EDITION STATEMENT
Remainder of edition statement "xvii, 344 p. : ill. 25 cm. ; pbk."
260 ## - PUBLICATION, DISTRIBUTION, ETC.
Place of publication, distribution, etc. Amsterdam
Name of publisher, distributor, etc. Elsevier
Date of publication, distribution, etc. 2008
700 ## - ADDED ENTRY--PERSONAL NAME
Personal name "Melton,Trish"
Numeration Trish Melton
Holdings
Withdrawn status Lost status Source of classification or shelving scheme Damaged status Not for loan Home library Current library Shelving location Date acquired Total Checkouts Full call number Barcode Date last seen Price effective from Koha item type
    Dewey Decimal Classification     Anna Centenary Library Anna Centenary Library 6TH FLOOR, B WING 17.04.2021   658.404 MEL 550359 17.04.2021 17.04.2021 Books

Find us on the map